000
00286nam a22001337a 4500
008
171123b xxu||||| |||| 00| 0 eng d
020
_a
0471217689
041
_a
eng
080
_a
004
100
_a
37
101
_a
SHK
245
_a
DATA COMMUNICATION
_c
DOLL.D.R
942
_2
udc
_c
BK
999
_c
38392
_d
38392